[Event "38th Asia-ch U20"]
[Site "New Delhi IND"]
[Date "2016.05.08"]
[Round "6"]
[White "Rakesh, Kumar Jena"]
[Black "Rajdeep, Sarkar"]
[Result "1/2-1/2"]
[WhiteElo "2179"]
[BlackElo "2217"]
[EventDate "2016.05.04"]
[PlyCount "0"]

1.e4 e5 2.Nf3 Nc6 3.Bc4 Nf6 4.d3 Be7 5.O-O O-O 6.Nc3 d6 7.h3 Na5 8.Bb3 
Nxb3 9.axb3 c6 10.d4 Qc7 11.Be3 a6 12.Qe2 Re8 13.Rfd1 b5 14.b4 Bb7 15.dxe5
dxe5 16.Bc5 a5 17.Bxe7 Rxe7 18.Rxa5 Rxa5 19.bxa5 Qxa5 20.Qd2 Rd7 21.Nd5 
Qxd2 22.Nxf6+ gxf6 23.Rxd2 Rxd2 24.Nxd2 c5 25.f3 c4 26.Kf2 Kf8 27.c3 Bc8 
28.g4 Kg7 29.Nf1 Kg6 30.Ne3 Be6 31.Kg3 Kg5 32.Nf5 Kg6 33.h4 h5 34.gxh5+ 
Kxh5 35.Nd6 Bd7 36.Nxf7 Kg6 37.Nd6 Kh5 38.f4 exf4+ 39.Kxf4 Kxh4 40.e5 
fxe5+ 41.Kxe5 Kg3 42.Kd4 Kf4 43.Nf7 Be8 44.Nd6 Bd7 45.Nf7 Be8 46.Ne5 Kf5 
47.Kd5 Kf4 48.Kd4 Kf5 49.Nf3 Kf4 50.Nd2 Bg6 51.Nf1 Kf3 52.Ne3 Ke2 53.Nd5 
Kd2 54.Nc7 Kc2 55.Nxb5 Kxb2 56.Kxc4 Bf7+ 57.Kd4 Kb3 58.Nd6 Bg8 59.c4 Bxc4 
60.Nxc4 1/2-1/2

[Event "38th Asia-ch U20"]
[Site "New Delhi IND"]
[Date "2016.05.08"]
[Round "6"]
[White "Pranavananda, V"]
[Black "Karthikeyan, Murali"]
[Result "0-1"]
[WhiteElo "2308"]
[BlackElo "2518"]
[EventDate "2016.05.04"]
[PlyCount "0"]

1.d4 Nf6 2.c4 g6 3.Nf3 Bg7 4.e3 O-O 5.Be2 d6 6.O-O Nbd7 7.Nc3 e5 8.Qc2 Re8
9.b3 e4 10.Nd2 Qe7 11.Ba3 c6 12.Rae1 Nf8 13.h3 h5 14.f3 exf3 15.Bxf3 N8h7 
16.e4 Qd8 17.Bd1 Nd7 18.Nf3 Ng5 19.Qd2 Nxf3+ 20.Bxf3 Nf8 21.Rd1 Ne6 22.Ne2
Ng5 23.Qf4 Bxh3 24.Bxd6 Nxf3+ 25.Rxf3 Bg4 26.Qxf7+ Kh7 27.e5 Bxf3 28.Qxf3 
c5 29.Qxb7 cxd4 30.Nxd4 Qb6 31.Qf7 Rf8 32.Bxf8 Rxf8 33.Qe6 Rd8 34.Qxb6 
axb6 35.Rd2 Bh6 36.Re2 Rxd4 37.e6 Rd8 38.Kf2 Bg5 39.Kf3 Kg7 40.e7 Re8 41.
Re6 Rxe7 42.Rxb6 Re3+ 43.Kf2 Rc3 44.Rb7+ Kf6 45.a4 Kf5 46.a5 Ke4 47.a6 
Be3+ 48.Ke2 Rc2+ 49.Kd1 Ra2 50.a7 Ke5 0-1

[Event "38th Asia-ch U20"]
[Site "New Delhi IND"]
[Date "2016.05.08"]
[Round "6"]
[White "Mosadeghpour, Masoud"]
[Black "Gajwa, Ankit"]
[Result "1-0"]
[WhiteElo "2481"]
[BlackElo "2288"]
[EventDate "2016.05.04"]
[PlyCount "0"]

1.Nf3 Nf6 2.g3 g6 3.Bg2 Bg7 4.O-O O-O 5.c4 d6 6.d4 Nbd7 7.Nc3 e5 8.b3 c6 
9.Ba3 exd4 10.Nxd4 Nc5 11.Qc2 Qc7 12.Rad1 a5 13.e4 Bg4 14.Rd2 Rad8 15.h3 
Bc8 16.Rfd1 Nh5 17.Nce2 Rfe8 18.Nc3 Qb6 19.Nde2 Bf8 20.Kh2 Nf6 21.f4 h5 
22.Bb2 Bg7 23.Ba3 Bf8 24.Bxc5 Qxc5 25.e5 Bf5 26.Qb2 Nh7 27.Na4 Qe3 28.Qc3 
Qa7 29.c5 d5 30.Nb6 Bh6 31.Nd4 Bc8 32.Rf2 Bg7 33.Qd3 Nf8 34.Re2 Ne6 35.Qc3
Nxc5 36.Qxc5 Bf8 37.Nxc6 bxc6 38.Qxc6 Ba6 39.Bxd5 Bxe2 40.f5 Rxd5 41.Rxd5 
Bf3 42.Qxe8 Qxb6 43.Rd2 Qe3 44.Rg2 Bxg2 45.e6 fxe6 46.Qxg6+ Kh8 47.Qxh5+ 
Bh6 48.Qe8+ Kg7 49.Qe7+ Kg8 50.Qe8+ Kh7 51.Qf7+ Kh8 52.Qe8+ Kg7 53.Qe7+ 
Kg8 54.Qe8+ Bf8 55.fxe6 Be4 56.Qf7+ Kh8 57.Qxf8+ Kh7 58.Qf7+ Kh8 59.g4 Bf3
60.Qf6+ Kh7 61.Qf7+ Kh8 62.Kg3 Bd5+ 63.Kh4 Qe1+ 64.Kh5 Bxe6 65.Qf6+ Kh7 
66.Qe7+ Kh8 67.Qh4 Qe5+ 68.Kg6+ 1-0

[Event "38th Asia-ch U20"]
[Site "New Delhi IND"]
[Date "2016.05.08"]
[Round "6"]
[White "Chakravarthi Reddy, M"]
[Black "Mousavi, Seyed Khalil"]
[Result "0-1"]
[WhiteElo "2254"]
[BlackElo "2425"]
[EventDate "2016.05.04"]
[PlyCount "0"]

1.d4 d5 2.Nf3 Nf6 3.e3 c5 4.Nbd2 cxd4 5.exd4 g6 6.Bd3 Nc6 7.c3 Bg7 8.O-O 
O-O 9.Re1 Nd7 10.Nb3 Kh8 11.Bf4 f6 12.c4 Nb6 13.cxd5 Nxd5 14.Bg3 b6 15.Rc1
Bb7 16.h4 Bh6 17.Nfd2 Ncb4 18.Be4 f5 19.Be5+ Kg8 20.Bb1 Nf4 21.Nf3 Nc6 22.
Bxf4 Bxf4 23.d5 Nb4 24.Rc4 Nxd5 25.Rd4 Re8 26.Re6 Qd7 27.Qe1 Rac8 28.Bd3 
Rc6 29.Re2 Rcc8 30.Bc4 Rxc4 31.Rxc4 Ba6 32.Rcc2 Bxe2 33.Rxe2 Nf6 34.Qc3 
Qd5 35.Nbd2 Qxa2 36.Qc6 Qd5 37.Qa4 Bb8 38.Nd4 e5 39.Nc6 Bd6 40.Nf1 Rc8 41.
Nxa7 Rc1 42.Nb5 Ne4 43.Nxd6 Qxd6 44.g4 Qd8 45.g5 Rc7 46.f3 Nc5 47.Qc4+ Kg7
48.Rxe5 Nd3 49.Rd5 Rxc4 50.Rxd8 Ne5 51.Kf2 Rxh4 52.Rd5 Nf7 53.Rb5 Nxg5 54.
Rxb6 Rf4 55.Nd2 h5 56.b4 Rd4 57.Ke3 Rd7 58.Nc4 Re7+ 59.Kf4 Ne6+ 60.Ke5 
Ng5+ 61.Kf4 Nf7 62.b5 h4 63.Ra6 Kh6 64.b6 Ng5 0-1

[Event "38th Asia-ch U20"]
[Site "New Delhi IND"]
[Date "2016.05.08"]
[Round "6"]
[White "Arjun, Kalyan"]
[Black "Sahoo, Utkal Ranjan"]
[Result "1-0"]
[WhiteElo "2347"]
[BlackElo "2275"]
[EventDate "2016.05.04"]
[PlyCount "0"]

1.e4 e5 2.Nf3 Nc6 3.Bb5 a6 4.Ba4 Nf6 5.O-O Be7 6.Re1 b5 7.Bb3 d6 8.c3 O-O 
9.h3 Bb7 10.d4 Nd7 11.Be3 exd4 12.cxd4 Na5 13.Bc2 c5 14.Nbd2 Nc6 15.Nf1 
Re8 16.Ng3 g6 17.Qd2 cxd4 18.Nxd4 Nde5 19.Nxc6 Bxc6 20.b3 Rc8 21.Rad1 Qc7 
22.Bb1 Rcd8 23.Bd4 Qb7 24.Qb2 Bh4 25.Nf1 b4 26.Nh2 h5 27.g3 Be7 28.Re3 Bf8
29.Rde1 Rc8 30.f4 Nd7 31.g4 Nc5 32.gxh5 Nxe4 33.hxg6 fxg6 34.Qg2 d5 35.
Qxg6+ Bg7 36.Bxe4 dxe4 37.Ng4 Kf8 38.Bc5+ Re7 39.Ne5 Kg8 40.Bxe7 1-0

[Event "38th Asia-ch U20"]
[Site "New Delhi IND"]
[Date "2016.05.08"]
[Round "6"]
[White "Rahul, Srivatshav P"]
[Black "Krishna Teja, N"]
[Result "1/2-1/2"]
[WhiteElo "2313"]
[BlackElo "2216"]
[EventDate "2016.05.04"]
[PlyCount "0"]

1.d4 Nf6 2.c4 e6 3.Nc3 Bb4 4.f3 O-O 5.e4 d5 6.e5 Nfd7 7.a3 Bxc3+ 8.bxc3 
dxc4 9.Bxc4 Nxe5 10.Bb3 Ng6 11.Bc2 Nd7 12.f4 Nb6 13.Nf3 Nd5 14.Qd3 f5 15.
g3 Bd7 16.O-O Bc6 17.Re1 Re8 18.Bb3 Qd7 19.Ne5 Nxe5 20.Rxe5 b5 21.Bd2 Re7 
22.Rae1 Rae8 23.c4 bxc4 24.Qxc4 Nb6 25.Qxe6+ Rxe6 26.Rxe6 Bd5 27.Rxe8+ Kf7
28.Bb4 Qxe8 29.Rxe8 Kxe8 30.Bd1 Kd7 31.Kf2 Kc6 32.Ke3 Kb5 33.Kd3 Bc4+ 34.
Kd2 Bf1 35.Bb3 Bc4 36.Bd1 Bf1 37.Bb3 1/2-1/2

[Event "38th Asia-ch U20"]
[Site "New Delhi IND"]
[Date "2016.05.08"]
[Round "6"]
[White "Javanbakht, Nima"]
[Black "Ganesh, R"]
[Result "1-0"]
[WhiteElo "2417"]
[BlackElo "2093"]
[EventDate "2016.05.04"]
[PlyCount "0"]

1.e4 c5 2.Nc3 g6 3.f4 Bg7 4.Nf3 Nc6 5.Bb5 Nd4 6.O-O Nxb5 7.Nxb5 d5 8.exd5 
a6 9.Nc3 Nf6 10.d4 c4 11.Ne5 Nxd5 12.Nxd5 Qxd5 13.b3 cxb3 14.c4 b2 15.Bxb2
Qd6 16.Qb3 O-O 17.Rad1 Qc7 18.Rfe1 Rd8 19.d5 f6 20.Nd3 Bg4 21.Rc1 Kh8 22.
Bd4 Re8 23.Bb6 Qc8 24.c5 Qd7 25.Nf2 Bf5 26.a4 h5 27.a5 Rac8 28.Qc4 Bh6 29.
g3 e5 30.c6 bxc6 31.dxc6 Qg7 32.Ne4 Bxe4 33.Rxe4 exf4 34.Rxe8+ Rxe8 35.c7 
Qd7 36.c8=Q 1-0

[Event "38th Asia-ch U20"]
[Site "New Delhi IND"]
[Date "2016.05.08"]
[Round "6"]
[White "Srijit, Paul"]
[Black "Karthik, V. Ap"]
[Result "1-0"]
[WhiteElo "2053"]
[BlackElo "2366"]
[EventDate "2016.05.04"]
[PlyCount "0"]

1.e4 e5 2.Nf3 Nc6 3.d4 exd4 4.Bc4 Bc5 5.O-O d6 6.c3 d3 7.b4 Bb6 8.b5 Ne5 
9.Nxe5 dxe5 10.Qb3 Qf6 11.Bxd3 Nh6 12.Nd2 Qg6 13.Be2 Be6 14.Qb4 Bh3 15.Bf3
O-O-O 16.Nc4 f6 17.Be3 Bxe3 18.Nxe3 Be6 19.Rfd1 Nf7 20.Nf5 Rde8 21.Qc5 b6 
22.Qa3 Kb7 23.h4 Nd6 24.Rxd6 cxd6 25.h5 Qg5 26.Nxd6+ Kb8 27.Nxe8 Rxe8 28.
Qd6+ Kc8 29.Rd1 1-0

[Event "38th Asia-ch U20"]
[Site "New Delhi IND"]
[Date "2016.05.08"]
[Round "6"]
[White "Saurabh, Anand"]
[Black "Harsha, Bharathakoti"]
[Result "0-1"]
[WhiteElo "2065"]
[BlackElo "2329"]
[EventDate "2016.05.04"]
[PlyCount "0"]

1.e4 c5 2.Nf3 e6 3.d4 cxd4 4.Nxd4 Nc6 5.Nc3 Qc7 6.Be3 a6 7.Qf3 d6 8.O-O-O 
Bd7 9.g4 b5 10.Nxc6 Bxc6 11.Bd3 Nf6 12.g5 Nd7 13.Kb1 Ne5 14.Qg3 Rc8 15.Rd2
Qb7 16.f3 Be7 17.Ka1 b4 18.Ne2 Bb5 19.f4 Nxd3 20.cxd3 d5 21.Qf3 dxe4 22.
dxe4 Bc6 23.Ng3 O-O 24.Bd4 Rfd8 25.Qe3 Rd7 26.Rhd1 Rcd8 27.f5 exf5 28.exf5
Bf3 29.Rf1 Bc5 30.Re1 Bf8 31.f6 g6 32.h4 Qc6 33.Nf1 Rc8 34.b3 Bd5 35.Nh2 
Be6 36.Nf3 Qb5 37.Bb2 Rxd2 38.Qxd2 a5 39.Qf4 Qf5 40.Qe3 Qd5 41.Nd4 Bd7 42.
Qe5 Qb7 43.h5 Re8 44.Qg3 Rxe1+ 45.Qxe1 gxh5 46.Kb1 Qg2 47.Qh4 Qf1+ 48.Kc2 
Bg4 0-1

[Event "38th Asia-ch U20"]
[Site "New Delhi IND"]
[Date "2016.05.09"]
[Round "7"]
[White "Mousavi, Seyed Khalil"]
[Black "Aravindh, Chithambaram Vr"]
[Result "1-0"]
[WhiteElo "2425"]
[BlackElo "2528"]
[EventDate "2016.05.04"]
[PlyCount "0"]

1.Nf3 Nc6 2.d4 d5 3.g3 Bg4 4.Bg2 Qd7 5.h3 Bxf3 6.exf3 g6 7.f4 Bg7 8.c3 e6 
9.Nd2 Nge7 10.Nf3 O-O 11.b3 f6 12.O-O Nf5 13.Re1 Rfe8 14.g4 Nd6 15.h4 Qf7 
16.g5 Ne7 17.gxf6 Bxf6 18.Ng5 Bxg5 19.fxg5 Rf8 20.Qe2 Ne4 21.Ba3 c5 22.
Bxe4 dxe4 23.Bxc5 Rae8 24.Bd6 e5 25.Bxe5 Nd5 26.Rf1 Qf5 27.Rae1 Nf4 28.
Bxf4 Qxf4 29.Qe3 Qxh4 30.Qg3 Qh5 31.f4 exf3 32.Rxe8 Rxe8 33.Rxf3 h6 34.
gxh6 Qxh6 35.c4 Qg7 36.Rf4 Re6 37.Rh4 Qf7 38.Rf4 Qe7 39.d5 Ra6 40.Rf2 g5 
41.Qg4 Rh6 42.Re2 Qf7 43.Qxg5+ Kh7 44.Re7 1-0

[Event "38th Asia-ch U20"]
[Site "New Delhi IND"]
[Date "2016.05.09"]
[Round "7"]
[White "Sunilduth Lyna, Narayanan"]
[Black "Arjun, Kalyan"]
[Result "1/2-1/2"]
[WhiteElo "2507"]
[BlackElo "2347"]
[EventDate "2016.05.04"]
[PlyCount "0"]

1.d4 Nf6 2.c4 e6 3.Nf3 d5 4.Nc3 Be7 5.Bf4 O-O 6.e3 c5 7.dxc5 Bxc5 8.Qc2 
Nc6 9.Rd1 Qa5 10.Be2 dxc4 11.Bxc4 a6 12.O-O b5 13.Be2 Qb6 14.Bg5 Nb4 15.
Qb1 Nbd5 16.Nxd5 Nxd5 17.e4 Nb4 18.a3 Nc6 19.b4 Be7 20.Be3 Qb8 21.e5 Bb7 
22.Bf4 Rd8 23.Bd3 h6 24.Qc1 Bf8 25.Bb1 Ne7 26.Qc2 g6 27.Qe2 Qc7 28.Rc1 Qd7
29.h4 h5 30.Bg5 Rac8 31.Rcd1 Qc6 32.Rc1 Qd7 33.Rcd1 Qc6 34.Rc1 1/2-1/2

[Event "38th Asia-ch U20"]
[Site "New Delhi IND"]
[Date "2016.05.09"]
[Round "7"]
[White "Karthikeyan, Murali"]
[Black "Rakesh, Kumar Jena"]
[Result "1-0"]
[WhiteElo "2518"]
[BlackElo "2179"]
[EventDate "2016.05.04"]
[PlyCount "0"]

1.Nf3 Nf6 2.g3 d5 3.Bg2 c5 4.O-O Nc6 5.d3 e5 6.e4 dxe4 7.dxe4 Qxd1 8.Rxd1 
Bg4 9.c3 Nxe4 10.Re1 O-O-O 11.Na3 Nf6 12.Nc4 Nd7 13.Ng5 Bh5 14.g4 Bg6 15.
f4 exf4 16.Bxf4 Nb6 17.Nxb6+ axb6 18.Be4 Bxe4 19.Nxf7 Bd5 20.Nxh8 c4 21.
Rad1 Bc5+ 22.Be3 Ne5 23.Bxc5 Nf3+ 24.Kf1 Nxe1 25.Bxb6 Ng2 26.Kg1 Rd6 27.
Rxd5 Rxd5 28.Kxg2 Kd7 29.Bd4 Ke6 30.Kf3 g6 31.b4 b5 32.h4 Rd8 33.h5 Rf8+ 
34.Kg3 gxh5 35.gxh5 Ra8 36.Ng6 hxg6 37.h6 Kd5 1-0

[Event "38th Asia-ch U20"]
[Site "New Delhi IND"]
[Date "2016.05.09"]
[Round "7"]
[White "Rajdeep, Sarkar"]
[Black "Mosadeghpour, Masoud"]
[Result "1-0"]
[WhiteElo "2217"]
[BlackElo "2481"]
[EventDate "2016.05.04"]
[PlyCount "0"]

1.d4 Nf6 2.Nf3 g6 3.Nbd2 d5 4.e3 Bg7 5.b4 O-O 6.c4 a5 7.b5 dxc4 8.Bxc4 a4 
9.Ba3 Nbd7 10.O-O Nb6 11.Bd3 Bd7 12.Qc2 Nfd5 13.Rfc1 Rc8 14.Qb2 c6 15.Rc5 
cxb5 16.Bxb5 Bxb5 17.Qxb5 Rxc5 18.Bxc5 Qe8 19.Rb1 Nd7 20.Qc4 Nxc5 21.Qxd5 
Ne6 22.Qxb7 Qc8 23.Qxc8 Rxc8 24.Rb4 Ra8 25.Nc4 Nc7 26.Nb6 Rb8 27.a3 e6 28.
Nxa4 Ra8 29.Nc5 Rxa3 30.Rb8+ Bf8 31.g3 Ra8 32.Rb7 Rc8 33.Ne5 Bxc5 34.dxc5 
Nd5 35.e4 Nc3 36.c6 Nxe4 37.c7 Nd6 38.Rb6 Nf5 39.Rb8 Ne7 40.Nc6 Kg7 41.
Nxe7 Rxc7 42.Nc8 Kf6 43.Nd6 Ke5 44.Ne8 Rc5 45.f4+ Ke4 46.Nf6+ Kf5 47.Nxh7 
Kg4 48.Nf6+ Kf5 49.Nd7 Rd5 50.Ne5 g5 51.Nxf7 gxf4 52.gxf4 Kxf4 53.Rb4+ Kf3
54.Rb3+ Kf4 55.Rg3 e5 56.Ng5 Rd1+ 57.Kg2 Rd2+ 58.Kh3 e4 59.Ne6+ Ke5 60.Nc5
Kf4 61.Ne6+ Ke5 62.Nf8 Kd4 63.Ng6 e3 64.Rg4+ Kc3 65.Re4 Kd3 66.Re8 Rf2 67.
Kg3 Rf1 68.Ne5+ Ke2 69.Ng4 Rg1+ 70.Kf4 Rf1+ 71.Kg5 1-0

[Event "38th Asia-ch U20"]
[Site "New Delhi IND"]
[Date "2016.05.09"]
[Round "7"]
[White "Krishna Teja, N"]
[Black "Javanbakht, Nima"]
[Result "0-1"]
[WhiteElo "2216"]
[BlackElo "2417"]
[EventDate "2016.05.04"]
[PlyCount "0"]

1.d4 g6 2.c4 Bg7 3.Nc3 d6 4.e4 e5 5.Be3 exd4 6.Bxd4 Nf6 7.f3 Nc6 8.Be3 Be6
9.Qd2 O-O 10.Nd5 Ne5 11.Rc1 c6 12.Nxf6+ Bxf6 13.b3 d5 14.cxd5 cxd5 15.exd5
Bxd5 16.Be2 Re8 17.Nh3 Bh4+ 18.Kf1 Bc6 19.Rd1 Qe7 20.Bg5 Nxf3 21.gxf3 Bxg5
22.Nxg5 Rad8 23.Qc2 Qxg5 24.Rg1 Qh4 25.Rg2 Bd7 26.Kg1 Bf5 27.Qc1 Bh3 28.
Rxd8 Qxd8 29.Rf2 Qd4 30.Bf1 Rc8 31.Qe1 Qf4 32.Qe7 Rc1 33.Qd8+ Kg7 34.Qd3 
Qg5+ 0-1

[Event "38th Asia-ch U20"]
[Site "New Delhi IND"]
[Date "2016.05.09"]
[Round "7"]
[White "Harsha, Bharathakoti"]
[Black "Srijit, Paul"]
[Result "1/2-1/2"]
[WhiteElo "2329"]
[BlackElo "2053"]
[EventDate "2016.05.04"]
[PlyCount "0"]

1.d4 f5 2.Nc3 Nf6 3.Bg5 d5 4.Qd2 e6 5.e3 Be7 6.Bd3 Nbd7 7.Nge2 Ne4 8.Bxe7 
Qxe7 9.Bxe4 fxe4 10.f3 exf3 11.gxf3 Nb6 12.b3 Bd7 13.f4 g5 14.a4 gxf4 15.
Nxf4 Bc6 16.a5 Nd7 17.Kd1 O-O-O 18.Kc1 a6 19.Kb2 Rhf8 20.Rhg1 Rf7 21.Rg2 
Qd6 22.Rag1 e5 23.Nd3 Bb5 24.Nxb5 axb5 25.Qb4 Qxb4 26.Nxb4 exd4 27.exd4 
Rf4 28.Rg8 Nf6 29.Rxd8+ Kxd8 30.Rg7 Kc8 31.Rf7 Rxd4 32.Nd3 Nd7 33.Rxh7 c5 
34.h4 c4 35.Nb4 cxb3 36.Kxb3 Nf6 37.Rh8+ Kc7 38.h5 Rh4 39.h6 Rh3+ 40.Kb2 
Rh4 41.Kb3 Rh3+ 42.Kb2 Rh4 43.c3 d4 44.cxd4 Rxd4 45.Kb3 Rh4 1/2-1/2

[Event "38th Asia-ch U20"]
[Site "New Delhi IND"]
[Date "2016.05.09"]
[Round "7"]
[White "Rakesh, Kumar Nayak"]
[Black "Rahul, Srivatshav P"]
[Result "1/2-1/2"]
[WhiteElo "2156"]
[BlackElo "2313"]
[EventDate "2016.05.04"]
[PlyCount "0"]

1.c4 b6 2.Nf3 Bb7 3.g3 e5 4.Bg2 Nf6 5.O-O d6 6.Nc3 Be7 7.d4 Nbd7 8.Qc2 O-O
9.Rd1 Qb8 10.Nd5 Nxd5 11.cxd5 e4 12.Ng5 Nf6 13.Bxe4 h6 14.Nh3 Re8 15.Bg2 
Nxd5 16.Qb3 Nf6 17.d5 Bf8 18.Qc2 Qc8 19.Bf4 Qd7 20.Rac1 Rac8 21.e4 c6 22.
Qa4 c5 23.Qxa7 Ra8 24.Qxb6 Reb8 25.Qb3 Bc8 26.Qc3 Rxa2 27.e5 Nh5 28.e6 Qa7
29.Re1 Rbxb2 30.Qe3 Qe7 31.g4 Nxf4 32.Nxf4 Rxf2 33.Qxf2 Rxf2 34.Kxf2 Qh4+ 
35.Kg1 Qxg4 36.e7 Bxe7 37.Rxe7 Qxf4 38.Rf1 Qd4+ 39.Kh1 Ba6 40.Re8+ Kh7 41.
Be4+ Qxe4+ 42.Rxe4 Bxf1 43.Rf4 Bh3 44.Rxf7 Kg6 45.Rf8 Bf5 46.Kg1 Be4 47.
Rd8 Kf6 48.Rxd6+ Ke5 49.Rd7 g6 50.d6 Bf5 51.Rd8 h5 52.Kf2 c4 53.Ke3 c3 54.
d7 Kd6 55.Rc8 Kxd7 56.Rxc3 g5 57.Rc5 Ke6 58.Kd4 Kf6 59.Rc6+ Be6 60.Ke4 g4 
61.Kf4 h4 62.Ra6 g3 63.hxg3 hxg3 1/2-1/2

[Event "38th Asia-ch U20"]
[Site "New Delhi IND"]
[Date "2016.05.09"]
[Round "7"]
[White "Sammed Jaykumar, Shete"]
[Black "Nazarov, Rustem"]
[Result "1-0"]
[WhiteElo "2253"]
[BlackElo "1998"]
[EventDate "2016.05.04"]
[PlyCount "0"]

1.e4 c5 2.c3 Nf6 3.e5 Nd5 4.Bc4 e6 5.d4 Nb6 6.Bb3 cxd4 7.Nf3 dxc3 8.Nxc3 
d5 9.exd6 Bxd6 10.O-O Na6 11.Qe2 O-O 12.Rd1 Qe7 13.Bg5 f6 14.Bh4 Nc5 15.
Bc2 a5 16.Rac1 Bf4 17.Rb1 e5 18.b4 Ne6 19.bxa5 Nd7 20.Nd5 Qf7 21.Nb6 Nxb6 
22.axb6 Qh5 23.Bb3 Kh8 24.Bg3 Bxg3 25.hxg3 Nc5 26.Rbc1 Nxb3 27.axb3 Qf7 
28.Qb5 e4 29.Rc7 Qe6 30.Qc5 Rg8 31.Nd4 Qg4 32.Re1 f5 33.Qe5 Qg6 34.Qc5 e3 
35.Nf3 exf2+ 36.Qxf2 h6 37.Ne5 Qf6 38.Rf7 Qe6 39.g4 Ra6 40.gxf5 Qxb6 41.
Ng6+ Kh7 42.Nf8+ Kh8 43.Qxb6 Rxb6 44.Re8 Bxf5 45.Rxf5 Rxb3 46.Re7 b5 47.
Rff7 Rg3 48.Re6 1-0

[Event "38th Asia-ch U20"]
[Site "New Delhi IND"]
[Date "2016.05.09"]
[Round "7"]
[White "Sahoo, Utkal Ranjan"]
[Black "Pranavananda, V"]
[Result "1-0"]
[WhiteElo "2275"]
[BlackElo "2308"]
[EventDate "2016.05.04"]
[PlyCount "0"]

1.d4 Nf6 2.c4 e6 3.Nf3 b6 4.Nc3 Bb4 5.Qc2 Bb7 6.a3 Bxc3+ 7.Qxc3 Ne4 8.Qc2 
f5 9.g3 d6 10.Bh3 O-O 11.O-O c5 12.Rd1 Nd7 13.d5 exd5 14.cxd5 Qe7 15.Nh4 
g6 16.f3 Ng5 17.Bxg5 Qxg5 18.e4 Qe3+ 19.Kh1 Qh6 20.f4 Nf6 21.exf5 g5 22.
fxg5 Qxg5 23.Bg2 Rae8 24.Re1 Re3 25.Nf3 Rfe8 26.Nxg5 Rxe1+ 27.Rxe1 Rxe1+ 
28.Bf1 Nxd5 29.Qb3 Rxf1+ 30.Kg2 Rxf5 31.h4 h6 32.Ne4 c4 33.Qxc4 Kf8 34.Kh3
Ke7 35.Nc3 h5 36.Nxd5+ Bxd5 37.Qc7+ Ke6 38.Qc8+ Ke5 39.Qh8+ Ke4 40.Kg2 
Ke3+ 41.Kg1 Ke2 42.Qe8+ Kf3 43.Qe1 Re5 44.Qf2+ Ke4 45.Qf8 Re6 46.Qf4+ Kd3 
47.Qf5+ Kc4 48.Qxh5 Re1+ 49.Kf2 Re5 50.Qg6 Be6 51.Qc2+ Kd5 52.Qd1+ Kc6 53.
h5 Rf5+ 54.Kg1 Kd7 55.h6 Rf6 56.Qd4 Rf7 57.g4 Ke7 58.Kg2 Kd7 59.Kg3 Ke7 
60.Qh8 Bd5 61.Qb8 Ke6 62.h7 Rxh7 63.g5 Be4 64.Qg8+ Ke5 65.Qe8+ Kf5 66.g6 
Rg7 67.Qf7+ 1-0

[Event "38th Asia-ch U20"]
[Site "New Delhi IND"]
[Date "2016.05.10"]
[Round "8"]
[White "Karthikeyan, Murali"]
[Black "Mousavi, Seyed Khalil"]
[Result "1/2-1/2"]
[WhiteElo "2518"]
[BlackElo "2425"]
[EventDate "2016.05.04"]
[PlyCount "0"]

1.e4 e6 2.d4 d5 3.Nd2 a6 4.Bd3 c5 5.dxc5 Bxc5 6.Ngf3 Ne7 7.O-O Nbc6 8.exd5
exd5 9.Nb3 Bd6 10.Nfd4 Ne5 11.Bg5 O-O 12.Re1 Re8 13.Bf5 f6 14.Ne6 Bxe6 15.
Bxe6+ Kh8 16.Bf4 N7g6 17.Bxe5 Bxe5 18.Qxd5 Nf4 19.Qxd8 Raxd8 20.Bc4 Bxb2 
21.Rxe8+ Rxe8 22.Rd1 g5 23.g3 Rc8 24.Bf1 Ng6 25.Rd7 Ne5 26.Rxb7 Rxc2 27.
Bxa6 Bc3 28.Rc7 Rxa2 29.Rxc3 Rxa6 30.Nd4 g4 31.Kg2 1/2-1/2

[Event "38th Asia-ch U20"]
[Site "New Delhi IND"]
[Date "2016.05.10"]
[Round "8"]
[White "Sunilduth Lyna, Narayanan"]
[Black "Rajdeep, Sarkar"]
[Result "1-0"]
[WhiteElo "2507"]
[BlackElo "2217"]
[EventDate "2016.05.04"]
[PlyCount "0"]

1.d4 d5 2.c4 e6 3.Nf3 c6 4.e3 Nf6 5.Bd3 Nbd7 6.O-O Bd6 7.Nc3 O-O 8.e4 dxc4
9.Bxc4 e5 10.Be3 Qe7 11.Bb3 b5 12.a3 a6 13.h3 Bb7 14.dxe5 Nxe5 15.Nd4 Bc7 
16.Nf5 Qd7 17.Qc2 Qd3 18.Qc1 Qd8 19.Rd1 Qb8 20.Bc5 Ng6 21.Bxf8 Qxf8 22.Qe3
c5 23.Nd5 Bxd5 24.Bxd5 Re8 25.g3 Be5 26.Rac1 c4 27.Rc2 Ne7 28.Nxe7+ Qxe7 
29.Qb6 Nxd5 30.Rxd5 Bc7 31.Qd4 Qxe4 32.Qxe4 Rxe4 33.Rd7 Ba5 34.b4 Re1+ 35.
Kg2 Bb6 36.Rb7 1-0

[Event "38th Asia-ch U20"]
[Site "New Delhi IND"]
[Date "2016.05.10"]
[Round "8"]
[White "Arjun, Kalyan"]
[Black "Aravindh, Chithambaram Vr"]
[Result "0-1"]
[WhiteElo "2347"]
[BlackElo "2528"]
[EventDate "2016.05.04"]
[PlyCount "0"]

1.e4 c5 2.Nf3 d6 3.d4 cxd4 4.Nxd4 Nf6 5.Nc3 a6 6.Be3 Ng4 7.Bc1 Nf6 8.Be3 
e5 9.Nb3 Be7 10.f3 Be6 11.Qd2 Nbd7 12.g4 O-O 13.O-O-O b5 14.Rg1 b4 15.Nd5 
Bxd5 16.exd5 Nb6 17.Na5 Nfxd5 18.Nc6 Qc7 19.Nxe7+ Qxe7 20.Bxb6 Nxb6 21.
Qxb4 Qa7 22.Bd3 d5 23.g5 Rfc8 24.Qh4 g6 25.Rg3 Nd7 26.Re1 Nc5 27.Bf1 Nb3+ 
28.Kd1 Qf2 29.Be2 Rc4 30.Rg4 Qxh4 31.Rxh4 Rxh4 32.axb3 Rxh2 33.Bd3 Re8 34.
Bxa6 Ra8 35.Be2 Ra1+ 36.Kd2 Rxe1 37.Kxe1 Kf8 38.c4 Ke7 39.c5 Kd7 40.Bb5+ 
Kd8 41.Be2 Kc7 0-1

[Event "38th Asia-ch U20"]
[Site "New Delhi IND"]
[Date "2016.05.10"]
[Round "8"]
[White "Javanbakht, Nima"]
[Black "Sammed Jaykumar, Shete"]
[Result "1-0"]
[WhiteElo "2417"]
[BlackElo "2253"]
[EventDate "2016.05.04"]
[PlyCount "0"]

1.Nf3 Nf6 2.c4 g6 3.Nc3 Bg7 4.e4 d6 5.d4 O-O 6.Be2 e5 7.Be3 Ng4 8.Bg5 f6 
9.Bh4 g5 10.Bg3 Nh6 11.dxe5 dxe5 12.Qc2 c6 13.Nd2 Be6 14.O-O-O Nd7 15.f3 
a6 16.Nb3 Qe7 17.Na5 Qb4 18.Qa4 Qb6 19.Rhf1 Qc7 20.Qa3 Rfe8 21.Bf2 b6 22.
Nb3 Bf8 23.c5 Qb7 24.Qa4 b5 25.Na5 Qc7 26.Qa3 Nxc5 27.Bxc5 Bxc5 28.Qxc5 
Qxa5 29.Kb1 Nf7 30.h4 Rac8 31.hxg5 fxg5 32.g3 Qc7 33.f4 exf4 34.gxf4 gxf4 
35.Bh5 Qe5 36.Qxe5 Nxe5 37.Bxe8 Rxe8 38.Rxf4 Bf7 39.Rg1+ Bg6 40.Kc2 Kh8 
41.b3 a5 42.Ne2 a4 43.Ng3 axb3+ 44.axb3 c5 45.Rd1 c4 46.bxc4 bxc4 47.Kc3 
Ra8 48.Nf5 Nd3 49.Rh4 Ra3+ 50.Kd4 Nb2 51.Rg1 Kg8 52.Ne7+ Kg7 53.Nxg6 hxg6 
54.Rhg4 Ra6 55.R4g2 Nd3 56.Kxc4 Ne5+ 57.Kd5 Ra5+ 58.Ke6 Nf3 59.Rxg6+ Kh7 
60.Rg7+ Kh6 61.R1g6+ Kh5 62.Rg3 Ra6+ 63.Ke7 Kh6 64.Rg8 Kh7 65.R8g4 Ra7+ 
66.Kd8 Ra8+ 67.Kc7 1-0

[Event "38th Asia-ch U20"]
[Site "New Delhi IND"]
[Date "2016.05.10"]
[Round "8"]
[White "Mosadeghpour, Masoud"]
[Black "Sahoo, Utkal Ranjan"]
[Result "1-0"]
[WhiteElo "2481"]
[BlackElo "2275"]
[EventDate "2016.05.04"]
[PlyCount "0"]

1.e4 e5 2.Nf3 Nc6 3.Bc4 Bc5 4.b4 Bxb4 5.c3 Ba5 6.d4 d6 7.Qb3 Qd7 8.dxe5 
Bb6 9.Nbd2 Na5 10.Qc2 Ne7 11.exd6 cxd6 12.O-O O-O 13.Be2 Qc7 14.c4 Ng6 15.
Nb3 Nc6 16.Rd1 Bg4 17.Ba3 Rfd8 18.Nfd4 Bxe2 19.Qxe2 Nf4 20.Qg4 Nxd4 21.
Nxd4 Bxd4 22.Rxd4 Ne6 23.Rd5 Qxc4 24.Bxd6 b5 25.Rad1 a5 26.Qf3 b4 27.Be5 
Re8 28.Qg4 h5 29.Qxh5 Qxe4 30.Rd7 Rf8 31.Bd6 Rad8 32.Rxd8 Rxd8 33.h3 Qc2 
34.Qd5 a4 35.Rd2 Qc1+ 36.Rd1 Qc3 37.Kh2 Qf6 38.Rd2 Nc7 39.Qc5 Na6 40.Qb6 
b3 41.axb3 axb3 42.Qxa6 b2 43.Qb6 Rxd6 44.Rxd6 Qf4+ 45.g3 Qxd6 46.Qxd6 
b1=Q 47.Qe5 g6 48.g4 Qf1 49.Qf6 Qd3 50.h4 Qc4 51.Kg3 Qb3+ 52.Kf4 Qc4+ 53.
Kg3 Qb3+ 54.Qf3 Qb8+ 55.Kh3 Qb5 56.h5 Qf1+ 57.Kh4 Qc1 58.Qe3 Qh1+ 59.Kg5 
Qd5+ 60.Kh6 Qd8 61.Qe5 Qf8+ 62.Kg5 Qd8+ 63.Qf6 Qd2+ 64.f4 gxh5 65.Kh6 Kf8 
66.g5 Qd3 67.f5 Qd2 68.Kh7 Ke8 69.Qe5+ Kd7 70.g6 fxg6 71.f6 Qb4 72.Kg7 1-0

[Event "38th Asia-ch U20"]
[Site "New Delhi IND"]
[Date "2016.05.10"]
[Round "8"]
[White "Shailesh, Dravid"]
[Black "Harsha, Bharathakoti"]
[Result "0-1"]
[WhiteElo "2216"]
[BlackElo "2329"]
[EventDate "2016.05.04"]
[PlyCount "0"]

1.e4 e6 2.d4 d5 3.Nc3 Bb4 4.exd5 exd5 5.Bd3 Nc6 6.a3 Bxc3+ 7.bxc3 Nge7 8.
Qf3 Be6 9.Ne2 Qd7 10.Rb1 b6 11.O-O O-O 12.h3 Bf5 13.Ng3 Bxd3 14.cxd3 Ng6 
15.Nh5 f5 16.Nf4 Nce7 17.Re1 Rae8 18.Rb2 Nxf4 19.Bxf4 Ng6 20.Rbe2 c6 21.g3
Rxe2 22.Rxe2 Re8 23.h4 Rxe2 24.Qxe2 Qe7 25.Qxe7 Nxe7 26.Bb8 a6 27.Bc7 b5 
28.Kg2 Ng6 29.Bd6 Nf8 30.Kf3 Ne6 31.g4 fxg4+ 32.Kxg4 g6 33.h5 Kf7 34.h6 
Nd8 35.Bc7 Nb7 36.Kg5 c5 37.Bb6 cxd4 38.Bxd4 Ke6 39.Kf4 Nd6 40.Bc5 Nf7 41.
Bf8 Ne5 42.Ke3 Nc6 43.Kf4 Ne5 44.Ke3 Nc6 45.Kf4 a5 46.d4 Nd8 47.f3 Nf7 48.
Bg7 Nd6 49.Bf8 Nc4 50.Bc5 Kf6 51.Kg4 Ne3+ 52.Kf4 Nc4 53.Kg4 Ne3+ 54.Kf4 
Nf5 55.Bb6 Nxh6 56.Bd8+ Ke6 57.Bxa5 Nf7 58.Bc7 h5 59.Bb8 g5+ 60.Kg3 Nd6 
61.f4 Nf5+ 62.Kg2 g4 63.Bc7 h4 0-1